MDQL
is popping MORE tags! Check the
thread
!
Quizzes
Events
Quiz Creation
Community
Videos
Private Events
Remove Ads
Sign In
Join for FREE
Feedback
Dark Mode
Quiz Categories
Sports
Geography
Music
Movies
Television
Just For Fun
Miscellaneous
History
Literature
Language
Science
Gaming
Entertainment
Religion
Holiday
For Kids
Quiz Lab
Recent
Popular Today
Quiz Kudos Today
Editor Picks
Curator Picks
Quizzes by...
Day
Popularity
Type
Ratings
Length
Year
Community
Subscriptions
Recent Discussions
Orange Saloon
Badges
Playlists
Quests
Create
Leaderboards
Showdown
Live 5
Trivia Bingo
Activity
Puzzle Library
Sporcle Events
Private Events
Virtual Trivia
Globe League
Become a Host
Pub Owners
SporcleCon
Opinionation
Our Games
Videos
Blog
Mobile Apps
Partnerships
Remove Ads and Go Orange
Feedback
Just For Fun
Clickable
Get the Picture
Humor
Quick Pick
Word Ladder
Missing Word
Mixed Word
Blitz
Minefield
This or That
Alphabet
Color
Typing
Sporcle
Puzzle
Word Play
Follow That Line
Logic
Just For Fun
Clickable
Get the Picture
Humor
Quick Pick
Word Ladder
Missing Word
Mixed Word
Blitz
Minefield
This or That
Alphabet
Color
Typing
Sporcle
Puzzle
Word Play
Follow That Line
Logic
Random Quiz
Search Sporcle
×
Quiz Lab
Quiz Lab
Just For Fun
Attender
Type in answers that appear in a list
Type in answers that appear in a list
Classic
Best Score? Go Orange.
Name the 42 eastenders charcters Stats
Can you name the eastenders ?
By
beexoxox
15m
42 Questions
578 Plays
578 Plays
578 Plays
Comments
Comments
Give Quiz Kudos
Give Quiz Kudos
-
- Ratings
hide this ad
Replay
Link that replays current quiz
Next Quiz
Link to next quiz in quiz playlist
You Got
0%
They Got
Avg Score
33%
Avg Friend Score
Upgrade to see
Score Distribution
Jump to the score distribution portion of the page
Score
0/42
Timer
15:00
0
Plays Today
% Correct
ian beale
75.4%
max branning
65.2%
peggy mitchell
59%
lauren branning
58.7%
roxy mitchell
56.1%
tanya branning
55.5%
ronnie mitchell
55.2%
abi branning
54.7%
jane beale
53.1%
jack branning
52.4%
dot branning
50.3%
alfie moon
49.5%
kat moon
48.6%
bianca jackson
42.7%
jim branning
42.6%
carol jackson
40%
ben mitchell
39.3%
billy mitchell
38.9%
whitney dean
37.9%
archie mitchell
35.3%
bradley branning
33.6%
% Correct
heather trott
32%
stacey branning
30.8%
liam butcher
30.1%
jean slater
26.3%
christian clarke
24.6%
masood ahmed
23.7%
tiffany dean
23.5%
syed masood
23%
grant mitchell
22.7%
jay mitchell
17%
darren miller
16.6%
kim fox
16.1%
fatboy
14.7%
tiffany butcher
13.3%
glenda mitchell
12.6%
jodie gold
10.4%
vanessa gold
9.9%
shirlely carter
5%
lily branning
4.5%
pat evens
2.6%
billlie jackson
1.9%
Quiz Playlist
Details
Report
Send in Message
Add To Playlist
Classic:
Type in answers that appear in a list
Last Updated: Feb 16, 2017
Quiz Scoreboard
CHALLENGE
Sign Up to Join the Scoreboard
Show All
Scores
Hide
Comments
May contain spoilers
Recently Published
1-10 Letter E Words III
by El_Dandy
Language
2m
Street Fighter Characters
by Artimus82
Gaming
60s
College Basketball Coaching Resumes
by pancakes188
Sports
9m
More to Explore
Quiz From the Vault
Featured Blog Post
Where Did the Easter Bunny Come From?
hide this ad
You Might Also Like...
Tags
Attender
Character
Today's Top Quizzes in Just For Fun
Browse Just For Fun
hide this ad
Top Contributed Quizzes in Just For Fun
1
Name Just One - 10 to 1: Just For Fun
2
Killer Double Trees 224 - Colour Match-Up
3
Spring Typing Challenge
4
Crossword Whiteout! 49
5
Zeroing In: Just For Fun
6
Survivor Winners Logic Puzzle
7
Word Ladder: Ahoy Matey
8
Word Ladder: Wilderness Weapon
9
Clickable Animal Jokes #2
10
Kyle's 122nd Triple Trees
Explore More
Trending Topics
NBA
Marvel
Crossword
Anime
Disney
Harry Potter
Kpop
Pokémon
Song
Puzzle
NFL
WWE
Soccer
The Office
Country
hide this ad
More By:
beexoxox
Quiz
Plays
Rating
Category
Featured
Created
name the 42 eastenders charcters
578
2.33
Just For Fun
Apr 10, 2011
name that chocolate bar
191
1.25
Just For Fun
Apr 1, 2011
name toy story 1 2 3 charcters
120
1.00
Just For Fun
Apr 29, 2011
Go to Creator's Profile
Score Distribution
Quiz Creator Spotlight
beexoxox
Follow
Send a Message
Quizzes Created
-
Created Quiz Play Count
-
More By This Creator
Popular Quizzes Today
1
Find the US States - No Outlines Minefield
2
Find the Countries of Europe - No Outlines Minefield
3
Find the US States
4
The Countries of the World
5
Risky Map Clicking: Biggest States A-Z
6
US States
7
Popular People in 1961
8
Movies - When Are They Set?
More Just For Fun Quizzes
Quick Pick: Haggis Ingredients
Published
Trending Quizzes
Risky Map Clicking: Least Populous States A-Z
1-10 Letter G Words
Countries of the World: 200 Million BC
1-10 Letter F Words
Risky Map Clicking: Next State Alphabetically
Recently Updated
Largest US Cities 1790-2010
pecheneg
Rides in Walt Disney World
pecheneg
Most Oscar Losses (Acting)
pecheneg
Beyoncé Albums
pecheneg
Leaping Animals
pecheneg
Reality TV Shows (A-Z)
bhenderson79
Rickey Henderson's Hall of Fame Teammates
pecheneg
Champions League XIs: Arsenal
pecheneg
Quick Pick: Celebrities in WWE's Hall of Fame
aduchscher
A-Z Keypad Blitz II
pecheneg
Trending Topics
Crossword
Anime
Disney
Harry Potter
NBA
Marvel
Kpop
Country
Puzzle
The Office
Song
WWE
Soccer
NFL
Pokémon
Your Account Isn't Verified!
In order to create a playlist on Sporcle, you need to verify the email address you used during registration. Go to your
Sporcle Settings
to finish the process.
Report this User
Report this user for behavior that violates our
Community Guidelines
.
Details:
Send Report
Go to the Sporcle.com Mobile Site →
Comments